000 00308nam a22001337a 4500
008 170330b xxu||||| |||| 00| 0 eng d
020 _a9780323008143
041 _aeng
080 _a616-053.2
100 _a8
101 _aSHM
245 _aNEONATAL INTENSIVE CARE HANDBOOK
_cGOETZMAN, B.W
942 _2udc
_cBK
999 _c9100
_d9100